Hotel Resort interiors (Record no. 8265)

000 -LEADER
fixed length control field 00262nam a2200121 4500
003 - CONTROL NUMBER IDENTIFIER
control field OSt
005 - DATE AND TIME OF LATEST TRANSACTION
control field 20201008161827.0
008 - FIXED-LENGTH DATA ELEMENTS--GENERAL INFORMATION
fixed length control field 201008b ||||| |||| 00| 0 eng d
020 ## - INTERNATIONAL STANDARD BOOK NUMBER
International Standard Book Number 9781564964847
082 ## - DEWEY DECIMAL CLASSIFICATION NUMBER
Classification number 728.5
245 ## - TITLE STATEMENT
Title Hotel Resort interiors
942 ## - ADDED ENTRY ELEMENTS (KOHA)
Source of classification or shelving scheme
Holdings
Withdrawn status Lost status Source of classification or shelving scheme Damaged status Koha normalized classification for sorting Not for loan Permanent location Current location Date acquired Full call number Barcode Date last seen Price effective from Koha item type
        728_500000000000000   BMS College of Architecture, Design and Planning BMS College of Architecture, Design and Planning 2020-10-08 728.5 CL-UG41561 2020-10-08 2020-10-08 UG Books from CL
Copyright © 2025, The Librarian, Library and Information Centre, BMSCA D&P, Bengaluru. All Rights Reserved
web counter

Powered by Koha